Statystyki dla Premier League 2022/23 - Stadiony

Kliknij tutaj aby rozwiązać quiz!

Ogólne statystyki

  • Ten quiz został rozwiązany 551 razy
  • Średni wynik to 7 z 20

Statystyki odpowiedzi

KlubStadion% Poprawnych
Manchester UnitedOld Trafford
93%
Manchester CityEtihad Stadium
74%
Liverpool FCAnfield
72%
Chelsea FCStamford Bridge
71%
Arsenal FCEmirates Stadium
64%
Aston VillaVilla Park
45%
Tottenham HotspurTottenham Hotspur Stadium
42%
Newcastle UnitedSt James' Park
37%
EvertonGoodison Park
36%
West Ham UnitedLondon Stadium
34%
Leicester CityKing Power Stadium
30%
FC FulhamCraven Cottage
24%
SouthamptonSt Mary's Stadium
24%
WolverhamptonMolineux Stadium
23%
BrightonAMEX Stadium
18%
Leeds UnitedElland Road
15%
Crystal PalaceSelhurst Park
15%
AFC BournemouthVitality Stadium
12%
Notthingam ForestCity Ground
11%
FC BrentfordBrentford Community Stadium
8%

Rozkład punktacji

Percentyl według liczby udzielonych odpowiedzi

Procent ludzi z każdym wynikiem

Twoja historia wyników

Nie rozwiązałeś tego quizu